000 00620 a2200217 4500
999 _c32000
_d32000
003 OSt
005 20260211125943.0
008 260211b ||||| |||| 00| 0 eng d
020 _a978-93-5585-520-6
040 _c.
082 _a621.381
_bG589
100 _96580
_aGodse, Atul P.
245 _aBasic Electronics Engineering /
_cAtul P. Godse Uday A. Bakshi and Rana S. Mahajan
260 _bTechnical Publication,
_aPune :
_c2025.
300 _a12-22+M4 p.
650 0 _927
_aElectronics
650 0 _9147
_aEngineering
700 _96581
_aBakshi, Uday A.
700 _96582
_aMahajan, Rana S.
942 _2ddc
_cBK